MDQL
is popping MORE tags! Check the
thread
!
Quizzes
Events
Quiz Creation
Community
Videos
Private Events
Remove Ads
Sign In
Join for FREE
Feedback
Dark Mode
Quiz Categories
Sports
Geography
Music
Movies
Television
Just For Fun
Miscellaneous
History
Literature
Language
Science
Gaming
Entertainment
Religion
Holiday
For Kids
Quiz Lab
Recent
Popular Today
Quiz Kudos Today
Editor Picks
Curator Picks
Quizzes by...
Day
Popularity
Type
Ratings
Length
Year
Community
Subscriptions
Recent Discussions
Orange Saloon
Badges
Playlists
Quests
Create
Leaderboards
Showdown
Live 5
Trivia Bingo
Activity
Puzzle Library
Sporcle Events
Private Events
Virtual Trivia
Globe League
Become a Host
Pub Owners
SporcleCon
Opinionation
Our Games
Videos
Blog
Mobile Apps
Partnerships
Remove Ads and Go Orange
Feedback
Sports
Athletes
MLB
NBA
NHL
NFL
Soccer
Sports Teams
WWE
NCAA
Football
Premier League
Basketball
Baseball
Hockey
Golf
Tennis
Cricket
Rugby
Auto Racing
Olympics
World Cup
Sports
Athletes
MLB
NBA
NHL
NFL
Soccer
Sports Teams
WWE
NCAA
Football
Premier League
Basketball
Baseball
Hockey
Golf
Tennis
Cricket
Rugby
Auto Racing
Olympics
World Cup
Random Quiz
Search Sporcle
×
Quiz Lab
Quiz Lab
Sports
Team-by-team
Type in answers that appear in a list
Type in answers that appear in a list
Classic
Best Score? Go Orange.
MLB Team career save leaders Stats
Can you name the top ten pitchers in total saves for each team?
By
tk926
20m
300 Questions
427 Plays
427 Plays
427 Plays
Comments
Comments
Give Quiz Kudos
Give Quiz Kudos
-
- Ratings
hide this ad
More Info
Replay
Link that replays current quiz
Next Quiz
Link to next quiz in quiz playlist
You Got
0%
They Got
Avg Score
30%
Avg Friend Score
Upgrade to see
Score Distribution
Jump to the score distribution portion of the page
Score
0/300
Timer
20:00
0
Plays Today
Team
Player
% Correct
New York Yankees
Mariano Rivera
96.3%
San Diego Padres
Trevor Hoffman
93.7%
Milwaukee Brewers
Francisco Rodriguez
91.8%
Philadelphia Phillies
Jonathan Papelbon
91.8%
Boston Red Sox
Jonathan Papelbon
91.3%
Houston Astros
Billy Wagner
90.6%
New York Mets
Billy Wagner
90.6%
Atlanta Braves
John Smoltz
90.4%
Chicago Cubs
Lee Smith
90.4%
Houston Astros
Dave Smith
90.4%
St. Louis Cardinals
Lee Smith
90.4%
Los Angeles Angels of Anaheim
Francisco Rodriguez
90.2%
Oakland Athletics
Dennis Eckersley
89.7%
Los Angeles Dodgers
Eric Gagne
86.4%
Houston Astros
Doug Jones
86.4%
Miami Marlins
Todd Jones
86.4%
Atlanta Braves
Craig Kimbrel
85.9%
Cincinnati Reds
John Franco
85.7%
New York Mets
John Franco
85.7%
Cleveland Indians
Doug Jones
85.5%
Detroit Tigers
Todd Jones
85.5%
Texas Rangers
Joe Nathan
84.7%
Minnesota Twins
Joe Nathan
82.7%
Baltimore Orioles
Jim Johnson
82.4%
Atlanta Braves
Jim Johnson
81.8%
Detroit Tigers
Francisco Rodriguez
81.8%
Texas Rangers
C.J. Wilson
81.8%
New York Mets
Francisco Rodriguez
81.8%
Cincinnati Reds
Aroldis Chapman
81.2%
Tampa Bay Rays
Fernando Rodney
81.2%
Los Angeles Angels of Anaheim
Troy Percival
81%
Oakland Athletics
Jason Isringhausen
80.3%
St. Louis Cardinals
Jason Isringhausen
80.3%
New York Yankees
Rich 'Goose' Gossage
79.9%
San Diego Padres
Rich 'Goose' Gossage
79.9%
Miami Marlins
Robb Nen
79.4%
San Francisco Giants
Robb Nen
79.4%
Chicago White Sox
Bobby Jenks
78.2%
Chicago White Sox
Roberto Hernandez
77.5%
Detroit Tigers
Willie Hernandez
77.5%
Kansas City Royals
Roberto Hernandez
77.5%
Tampa Bay Rays
Roberto Hernandez
77.5%
Boston Red Sox
Sparky Lyle
77.3%
Boston Red Sox
Craig Kimbrel
77.3%
Colorado Rockies
Greg Holland
77.3%
Colorado Rockies
Wade Davis
77.3%
Kansas City Royals
Wade Davis
77.3%
Texas Rangers
Tom Henke
77.3%
New York Mets
Neil Allen
77.3%
New York Yankees
Aroldis Chapman
77.3%
Houston Astros
Brad Lidge
77%
Chicago Cubs
Bruce Sutter
76.6%
St. Louis Cardinals
Bruce Sutter
76.6%
Los Angeles Dodgers
Kenley Jansen
76.5%
Milwaukee Brewers
Rollie Fingers
75.9%
Oakland Athletics
Rollie Fingers
75.9%
San Diego Padres
Rollie Fingers
75.9%
Philadelphia Phillies
Mitch Williams
74.5%
Cleveland Indians
Jose Mesa
74.2%
Philadelphia Phillies
Jose Mesa
74.2%
Pittsburgh Pirates
Mike Williams
74.2%
Kansas City Royals
Greg Holland
74.1%
Los Angeles Angels of Anaheim
Huston Street
74.1%
San Diego Padres
Huston Street
74.1%
Texas Rangers
John Wetteland
73.3%
Washington Nationals
John Wetteland
73.3%
Cincinnati Reds
Rob Dibble
72.7%
Washington Nationals
Mike Marshall
72.7%
Minnesota Twins
Mike Marshall
72.7%
Seattle Mariners
Eddie Guardado
72.7%
Oakland Athletics
Huston Street
72.6%
Baltimore Orioles
Zach Britton
71.8%
Detroit Tigers
Jose Valverde
71.8%
Chicago Cubs
Randy Myers
71.7%
Chicago White Sox
Bobby Thigpen
71.4%
Kansas City Royals
Dan Quisenberry
71.2%
Texas Rangers
Francisco Cordero
70%
Washington Nationals
Chad Cordero
69.8%
Arizona Diamondbacks
Jose Valverde
69.6%
Houston Astros
Jose Valverde
69.6%
Pittsburgh Pirates
Mark Melancon
69.4%
Chicago White Sox
David Robertson
68.2%
Los Angeles Angels of Anaheim
Donnie Moore
68.2%
New York Yankees
John Wetteland
68.2%
Pittsburgh Pirates
Jose Mesa
68.2%
Milwaukee Brewers
John Axford
67.1%
Kansas City Royals
Joakim Soria
67%
New York Mets
Armando Benitez
66.5%
Toronto Blue Jays
Tom Henke
64.9%
Boston Red Sox
Jeff Reardon
64.6%
Minnesota Twins
Jeff Reardon
64.6%
Washington Nationals
Jeff Reardon
64.6%
San Francisco Giants
Brian Wilson
63.7%
Arizona Diamondbacks
Fernando Rodney
63.6%
Baltimore Orioles
Randy Myers
63.6%
Boston Red Sox
Tom Gordon
63.6%
Chicago Cubs
Rod Beck
63.6%
Detroit Tigers
Fernando Rodney
63.6%
Kansas City Royals
Kelvin Herrera
63.6%
Seattle Mariners
Fernando Rodney
63.6%
Team
Player
% Correct
New York Mets
Jeurys Familia
63.5%
Arizona Diamondbacks
Byung-Hyun Kim
63%
Minnesota Twins
Rick Aguilera
63%
San Francisco Giants
Rod Beck
62.8%
Cleveland Indians
Chris Perez
62.4%
Colorado Rockies
Brian Fuentes
62.3%
Cleveland Indians
Cody Allen
61.2%
Toronto Blue Jays
B.J. Ryan
60.7%
Chicago White Sox
Keith Foulke
60.2%
St. Louis Cardinals
Trevor Rosenthal
60%
Arizona Diamondbacks
Gregg Olson
59.1%
Los Angeles Dodgers
Jonathan Broxton
59.1%
Washington Nationals
Rafael Soriano
59.1%
San Francisco Giants
Sergio Romo
59.1%
Arizona Diamondbacks
J.J. Putz
58.8%
Kansas City Royals
Jeff Montgomery
58.8%
Seattle Mariners
Kazuhiro Sasaki
58.8%
Atlanta Braves
John Rocker
58.1%
San Diego Padres
Mark Davis
58.1%
Minnesota Twins
Ron Davis
57.8%
New York Yankees
Dave Righetti
57.8%
Atlanta Braves
Mark Wohlers
57.6%
New York Mets
Jesse Orosco
54.6%
Chicago White Sox
Wilbur Wood
54.5%
Detroit Tigers
Shane Greene
54.5%
Kansas City Royals
Steve Farr
54.5%
New York Mets
Roger McDowell
54.5%
Cleveland Indians
Bob Wickman
54.3%
Milwaukee Brewers
Bob Wickman
54.3%
Baltimore Orioles
Gregg Olson
53.2%
Texas Rangers
Neftali Feliz
52.9%
New York Yankees
Sparky Lyle
50.6%
Seattle Mariners
J.J. Putz
50.4%
Minnesota Twins
Eddie Guardado
50.1%
Arizona Diamondbacks
Addison Reed
50%
Chicago White Sox
Addison Reed
50%
Houston Astros
Roberto Osuna
50%
Los Angeles Dodgers
Jay Howell
50%
Toronto Blue Jays
Roberto Osuna
50%
Miami Marlins
Armando Benitez
50%
Milwaukee Brewers
Josh Hader
50%
Minnesota Twins
Ron Perranoski
50%
Oakland Athletics
Jay Howell
50%
Philadelphia Phillies
Ron Reed
50%
Toronto Blue Jays
Duane Ward
49.6%
Baltimore Orioles
Tippy Martinez
49.4%
Philadelphia Phillies
Steve Bedrosian
48.9%
Boston Red Sox
Bob Stanley
48.5%
Washington Nationals
Ugueth Urbina
48.5%
Pittsburgh Pirates
Kent Tekulve
48.2%
Seattle Mariners
Norm Charlton
48.2%
San Francisco Giants
Santiago Casilla
48.2%
Toronto Blue Jays
Billy Koch
47.5%
Cincinnati Reds
Danny Graves
47.3%
Los Angeles Dodgers
Todd Worrell
47.1%
St. Louis Cardinals
Todd Worrell
47.1%
Minnesota Twins
Glen Perkins
47.1%
Chicago White Sox
Hoyt Wilhelm
46.8%
Cleveland Indians
Mike Jackson
46.8%
New York Mets
Tug McGraw
46.6%
Philadelphia Phillies
Tug McGraw
46.6%
Atlanta Braves
Mike Stanton
45.5%
Houston Astros
Ken Giles
45.5%
Los Angeles Angels of Anaheim
Bob Lee
45.5%
Washington Nationals
Drew Storen
45.5%
Toronto Blue Jays
Ken Giles
45.5%
Toronto Blue Jays
Mike Timlin
45.5%
Seattle Mariners
Edwin Diaz
45.5%
Chicago Cubs
Ryan Dempster
45.2%
Milwaukee Brewers
Dan Plesac
43.6%
Boston Red Sox
Derek Lowe
42.9%
Miami Marlins
Kevin Gregg
42.6%
Los Angeles Angels of Anaheim
Bryan Harvey
42.6%
Oakland Athletics
Andrew Bailey
42.4%
Los Angeles Dodgers
Jeff Shaw
42.2%
Miami Marlins
Antonio Alfonseca
41.2%
Miami Marlins
Steve Cishek
41.2%
Boston Red Sox
Koji Uehara
40.9%
Chicago Cubs
Kevin Gregg
40.9%
Chicago White Sox
Bob James
40.9%
Cincinnati Reds
Pedro Borbon
40.9%
Cleveland Indians
Brad Hand
40.9%
Los Angeles Dodgers
Takashi Saito
40.9%
Toronto Blue Jays
Kevin Gregg
40.9%
St. Louis Cardinals
Lindy McDaniel
40.9%
Milwaukee Brewers
Derrick Turnbow
40.9%
New York Yankees
Lindy McDaniel
40.9%
Philadelphia Phillies
Ricky Bottalico
40.9%
Pittsburgh Pirates
Stan Belinda
40.9%
Pittsburgh Pirates
Felipe Vazquez
40.9%
San Diego Padres
Brad Hand
40.9%
Chicago Cubs
Hector Rondon
40%
Detroit Tigers
Mike Henneman
37.5%
Arizona Diamondbacks
Matt Mantei
36.5%
Miami Marlins
A.J. Ramos
36.5%
Washington Nationals
Sean Doolittle
36.4%
Miami Marlins
Bryan Harvey
36.4%
Philadelphia Phillies
Hector Neris
36.4%
San Diego Padres
Kirby Yates
36.4%
St. Louis Cardinals
Al Hrabosky
36.4%
Team
Player
% Correct
Atlanta Braves
Gene Garber
36.3%
Philadelphia Phillies
Brad Lidge
33.7%
Pittsburgh Pirates
Roy Face
33.7%
Texas Rangers
Jeff Russell
33.3%
Los Angeles Angels of Anaheim
Ernesto Frieri
32.9%
Tampa Bay Rays
Brad Boxberger
32.9%
Toronto Blue Jays
Casey Janssen
32.9%
Los Angeles Angels of Anaheim
Brian Fuentes
32.3%
Colorado Rockies
Jose Jimenez
31.9%
Colorado Rockies
Huston Street
31.9%
Cincinnati Reds
Raisel Iglesias
31.8%
Cleveland Indians
Joe Borowski
31.8%
Tampa Bay Rays
Lance Carter
31.8%
Miami Marlins
Braden Looper
31.8%
Oakland Athletics
Blake Treinen
31.8%
Cincinnati Reds
Jeff Brantley
31.1%
Miami Marlins
Juan Carlos Oviedo
30.2%
Baltimore Orioles
Stu Miller
30%
Pittsburgh Pirates
Joel Hanrahan
29.4%
Tampa Bay Rays
Rafael Soriano
29.3%
Arizona Diamondbacks
Chad Qualls
29%
Cincinnati Reds
Francisco Cordero
28.8%
Chicago Cubs
Carlos Marmol
28.3%
Detroit Tigers
Aurelio Lopez
28.3%
Tampa Bay Rays
Danys Baez
27.6%
San Diego Padres
Heath Bell
27.4%
Atlanta Braves
Rick Camp
27.3%
Baltimore Orioles
Dick Hall
27.3%
Cincinnati Reds
Tom Hume
27.3%
Kansas City Royals
Mike MacDougal
27.3%
Texas Rangers
Darold Knowles
27.3%
Tampa Bay Rays
Diego Castillo
27.3%
New York Yankees
Joe Page
27.3%
Oakland Athletics
Grant Balfour
27.3%
Arizona Diamondbacks
Brad Ziegler
27.1%
New York Yankees
Steve Farr
26.9%
Oakland Athletics
Billy Taylor
26.9%
Washington Nationals
Mel Rojas
26%
Colorado Rockies
Rafael Betancourt
25.9%
Detroit Tigers
John Hiller
23.9%
Baltimore Orioles
Jorge Julio
23.7%
Baltimore Orioles
Tim Stoddard
22.7%
Cleveland Indians
Steve Olin
22.7%
Tampa Bay Rays
Al Reyes
22.7%
Tampa Bay Rays
Jake McGee
22.7%
Milwaukee Brewers
Danny Kolb and Ken Sanders
22.7%
Pittsburgh Pirates
Matt Capps
22.7%
San Diego Padres
Craig Lefferts
22.7%
Seattle Mariners
David Aardsma
21.5%
Boston Red Sox
Dick Radatz
20.6%
Cincinnati Reds
Clay Carroll
20.6%
Seattle Mariners
Mike Schooler
20.4%
St. Louis Cardinals
Ryan Franklin
20.4%
Los Angeles Dodgers
Ron Perranoski
20.1%
San Francisco Giants
Greg Minton
19.9%
Washington Nationals
Tim Burke
19.4%
Toronto Blue Jays
Kelvim Escobar
19%
Seattle Mariners
Tom Wilhelmsen
18.8%
Houston Astros
Joe Sambito
18.7%
Arizona Diamondbacks
Brandon Lyon
18.2%
Chicago Cubs
Phil Regan
18.2%
Los Angeles Angels of Anaheim
Dave LaRoche
18.2%
Texas Rangers
Shawn Tolleson
18.2%
Seattle Mariners
Bobby Ayala
18.2%
Colorado Rockies
Bruce Ruffin
16.2%
New York Yankees
Johnny Murphy
15.7%
San Francisco Giants
Gary Lavelle
14.1%
Pittsburgh Pirates
Dave Giusti
13.8%
Atlanta Braves
Arodys Vizcaino
13.6%
Cleveland Indians
Ray Narleski
13.6%
Milwaukee Brewers
Doug Henry
13.6%
Minnesota Twins
Firpo Marberry
13.6%
New York Mets
Skip Lockwood
13.6%
San Francisco Giants
Frank Linzy
13.6%
San Francisco Giants
Randy Moffitt
13.6%
Colorado Rockies
Darren Holmes
13.6%
Tampa Bay Rays
Esteban Yan
13.6%
Milwaukee Brewers
Mike Fetters
11.7%
Chicago White Sox
Terry Forster
11.2%
Boston Red Sox
Ellis Kinder
11%
Baltimore Orioles
Eddie Watt
9.1%
Colorado Rockies
Dave Veres
9.1%
Los Angeles Angels of Anaheim
Joe Grahe
9.1%
Los Angeles Dodgers
Clem Labine
9.1%
St. Louis Cardinals
Joe Hoerner
9.1%
Texas Rangers
Ron Kline
7%
Los Angeles Dodgers
Jim Brewer
5.2%
Atlanta Braves
Cecil Upshaw
4.7%
Colorado Rockies
Jerry DiPoto
4.5%
Houston Astros
Ken Forsch
4.5%
St. Louis Cardinals
Al Brazle
4.5%
Minnesota Twins
Al Worthington
4.5%
Philadelphia Phillies
Turk Farrell
4.5%
Kansas City Royals
Doug Bird
3.7%
Houston Astros
Fred Gladding
3.3%
Chicago Cubs
Don Elston
0%
Detroit Tigers
Terry Fox
0%
Oakland Athletics
John Wyatt
0%
San Diego Padres
Gary Lucas
0%
San Francisco Giants
Marv Grissom
0%
Quiz Playlist
Details
Report
Send in Message
Add To Playlist
More Info:
Current through 9/12/21
Classic:
Type in answers that appear in a list
Quiz Source
Last Updated: Sep 12, 2021
Quiz Scoreboard
CHALLENGE
Sign Up to Join the Scoreboard
Show All
Scores
Hide
Comments
May contain spoilers
Recently Published
Find the 'City' Movie
by crazypaving
Movies
60s
5x2 Blitz: Bands
by SL_Kpop136
Music
30s
Colored Red Africa Blitz
by spor1
Geography
30s
More to Explore
Quiz From the Vault
Featured Blog Post
14 Easter Pick-up Lines to Find Eggs With
hide this ad
You Might Also Like...
Tags
Career
Player
Save
team
Team-by-team
Today's Top Quizzes in Sports
Browse Sports
hide this ad
Today's Top Quizzes in Team-by-team
Browse Team-by-team
Top Contributed Quizzes in Sports
1
Players with Multiple 50 Home Run Seasons
2
Criteria MLB: Left Handed Sluggers
3
MLB Players with Two .350 Batting Average Seasons
4
Who Hit More Homers?
5
Premier League Clubs since 2000 (minefield)
6
Who Needs Fielders?
7
2020 F1 Drivers Logic Puzzle
8
Les entraîneurs de l'OM et du PSG au 21e siècle
9
Top 10 NHL Goal Scorers of All Time
10
MLB Hall of Famer by Rings
Explore More
Trending Topics
Marvel
Anime
Kpop
NBA
Harry Potter
Crossword
Disney
NFL
Pokémon
Song
Country
Puzzle
WWE
The Office
Soccer
hide this ad
More By:
tk926
Quiz
Plays
Rating
Category
Featured
Created
Artists with 3+ Albums in Rolling Stone's Top 500
189,642
4.33
Music
Nov 19, 2009
Opening Day Lineups: Orioles
88,750
4.35
Sports
Oct 19, 2009
Opening Day Lineups: Rockies
72,979
4.29
Sports
Oct 19, 2009
Same Name Songs and Movies
70,379
3.70
Entertainment
Dec 10, 2009
Opening Day Lineups: Brewers
66,785
4.41
Sports
Oct 15, 2009
Go to Creator's Profile
Score Distribution
Quiz Creator Spotlight
tk926
Follow
Send a Message
Quizzes Created
-
Created Quiz Play Count
-
More By This Creator
Popular Quizzes Today
1
Colored Red Africa Blitz
2
Find the 'City' Movie
3
5x2 Blitz: Bands
4
Find the US States - No Outlines Minefield
5
The Countries of the World
6
Find the US States
7
9x9 Crossword: Cartoon Network
8
US States
More Sports Quizzes
2020 UEFA Euro Teams
Quiz Lab
Trending Quizzes
Colored Red Europe Blitz I
Colored Red Africa Blitz II
Colored Red Africa Blitz III
Colored Red Europe Blitz III
Colored Red Europe Blitz II
Recently Updated
Champions League XIs: Real Madrid
pecheneg
Largest US Cities 1790-2010
pecheneg
Rides in Walt Disney World
pecheneg
Most Oscar Losses (Acting)
pecheneg
Beyoncé Albums
pecheneg
Leaping Animals
pecheneg
Reality TV Shows (A-Z)
bhenderson79
Rickey Henderson's Hall of Fame Teammates
pecheneg
Champions League XIs: Arsenal
pecheneg
Quick Pick: Celebrities in WWE's Hall of Fame
aduchscher
Trending Topics
NBA
Harry Potter
Marvel
Kpop
Anime
Crossword
Disney
WWE
Song
Puzzle
NFL
Country
Soccer
Pokémon
The Office
Your Account Isn't Verified!
In order to create a playlist on Sporcle, you need to verify the email address you used during registration. Go to your
Sporcle Settings
to finish the process.
Report this User
Report this user for behavior that violates our
Community Guidelines
.
Details:
Send Report
Go to the Sporcle.com Mobile Site →
Comments